00285 a2200109 450000500170000002000180001708400230003510000240005824500270008226000560010930000100016520260701161502.0 a9789815129533 2CCa D92:(E:98)  aSURENDRANATHAN, A O aPolymer Nanocomposites bJenny Stanford Publishing Pvt Ltdc2026,aSingapore a401p.